Statistics for U.S States with largest temperature range

Click here to take the quiz!

General Stats

  • This quiz has been taken 44 times
  • The average score is 11 of 12

Answer Stats

CelsiusStateFahrenheit% Correct
100 (57, -43)California179 (134, -45)
97%
99 (48, -51)Idaho178 (118, -60)
97%
104 (47, -57)Montana187 (117, -70)
97%
101 (50, -51)North Dakota181 (122, -60)
97%
99 (49, -50)South Dakota178 (120, -58)
97%
99 (46, -53)Wyoming178 (115, -63)
95%
98 (46, -52)Colorado176 (115, -61)
92%
97 (46, -51)Minnesota175 (115, -60)
92%
98 (52, -46)Nevada175 (125, -50)
92%
96 (50, -46)New Mexico172 (122, -50)
92%
103 (47, -56)Utah186 (117, -69)
92%
100 (38, -62)Alaska180 (100, -80)
87%

Score Distribution

Percentile by Number Answered

Percent of People with Each Score

Your Score History

You have not taken this quiz